| 000 | 00780nam a22002297a 4500 | ||
|---|---|---|---|
| 999 |
_c29650 _d29649 |
||
| 003 | OSt | ||
| 005 | 20210210111005.0 | ||
| 008 | 170621b xxu||||| |||| 00| 0 eng d | ||
| 020 | _a0205196535 | ||
| 040 |
_aMMU _cMMU _dMMU _beng |
||
| 050 | 0 | 0 | _aT11 .R4 1995 |
| 100 | 1 |
_aHoup, Kenneth W., _d1913- |
|
| 245 | 1 | 0 |
_aReporting technical information / _cKenneth W. Houp, Thomas E. Pearsall, Elizabeth Tebeaux ; contributing authors, San Dragga, Janice C. Redish. |
| 250 | _aCanadian ed. | ||
| 260 |
_aBoston : _bAllyn and Bacon, _cc1998. |
||
| 300 |
_a632 p. : _bill. (some col.) ; _c24 cm. |
||
| 500 | _aIncludes bibliographical references and index. | ||
| 650 | 0 | _aTechnical writing. | |
| 700 | 1 | _aPearsall, Thomas E. | |
| 700 | 1 | _aTebeaux, Elizabeth. | |
| 942 |
_2lcc _cLOAN LOAN |
||